00679nam a2200193Ia 4500003000900000008004100009020001800050040001600068080001500084100002500099245011000124260003200234300001600266650001400282650003200296942000700328999001700335952013300352IN-BaIIA211028s9999 xx 000 0 eng d a0-393-04688-5 cIIA Library a524.8bGRE aGreene, Brian925314 4aThe elegant universebsuperstrings, hidden dimensions and the quest for the ultimate theorycBrian Greene aNew YorkbW. W Nortonc1999 axiii, 448p. aCosmology aSuperstring theories925315 cBK c14310d14310 00104070aBANbBANcGENd2001-10-24eEDS g1403.09l0o524.8/ GREp15230r2021-11-05v1403.09w2001-10-24yBKGRs. 1403.09